书目信息 |
| 题名: |
台湾监狱黑幕
|
|
| 作者: | 李敖 著 | |
| 分册: | ||
| 出版信息: | 北京 群众出版社 1983 |
|
| 页数: | 142页 | |
| 开本: | 19cm | |
| 丛书名: | ||
| 单 册: | ||
| 中图分类: | D927.586.7 , D669 | |
| 科图分类: | ||
| 主题词: | 政治--中国 , 监狱--台湾 | |
| 电子资源: | ||
| ISBN: | ||
| 000 | 00647nam0 2200253 45 | |
| 001 | 0183002755 | |
| 005 | 20060801164714.68 | |
| 010 | @dCNY0.44 | |
| 091 | @a3067.161 | |
| 100 | @a19950509d1983 em y0chiy0121 ea | |
| 101 | 0 | @achi |
| 102 | @aCN@b110000 | |
| 105 | @ay z 000yy | |
| 200 | 10 | @a台湾监狱黑幕@Atai wan jian yu hei mu@f李敖著 |
| 210 | @a北京@c群众出版社@d1983 | |
| 215 | @a142页@d19cm | |
| 606 | 0 | @a政治@x中国 |
| 606 | @a监狱@y台湾 | |
| 690 | @aD927.586.7@v3 | |
| 690 | @aD669@v3 | |
| 701 | 0 | @a李敖@Ali ao@4著 |
| 801 | 2 | @aCN@bNLC@c20060801 |
| 801 | 0 | @aCN@b上海图书馆@c20040426 |
| 905 | @f1@b143223@f1@b143225@dD669@e3 | |
| 台湾监狱黑幕/李敖著.-北京:群众出版社,1983 |
| 142页;19cm |
| ISBN :CNY0.44 |
| ● |
| 相关链接 |
|
|
|
|
正题名:台湾监狱黑幕
索取号:D669/3
 
预约/预借
| 序号 | 登录号 | 条形码 | 馆藏地/架位号 | 状态 | 备注 |
| 1 | 0143223 | 000379398 | 第一借阅区/ [索取号:D669/3] | 在馆 | |
| 2 | 0143225 | 000379405 | 密集书库/ [索取号:D669/3] | 在馆 | |
| 3 | 0441328 | 204413287 | 密集书库/ [索取号:D669/3] | 在馆 | |
| 4 | 0441329 | 204413296 | 密集书库/ [索取号:D669/3] | 在馆 |